Detalles MARC
| 000 -LIDER |
| fixed length control field |
01102nam a2200301 a 4500 |
| 001 - NÚMERO DE CONTROL |
| Identificador de número de control |
|
| 003 - IDENTIFICACDOR DE NÚMERO DE CONTROL |
| control field |
DO-SdBNP |
| 005 - DATE AND TIME OF LATEST TRANSACTION |
| control field |
20220408112738.0 |
| 008 - ELEMENTOS DE LONGITUD FIJA |
| fixed length control field |
111027s2011 dr r 000 0 spa d |
| 020 ## - ISBN |
| International Standard Book Number |
9789945074284 |
| 040 ## - FUENTE DE CATALOGACIÓN |
| Agencia que crea de manera original el registro |
DO-SdBNP |
| Idioma de catalogación |
spa |
| Agencia que realiza la transcripción |
BPMSU |
| 082 ## - NÚMERO DE CLASIFICACIÓN DECIMAL DE DEWEY |
| Classification number |
016.027 |
| Item number |
A673g 2011 |
| Edition number |
22 |
| 245 00 - MENCIÓN DE TITULO |
| Título |
Archivo General de la Nación : |
| Subtítulo |
Bibliohemerografía archivística. Un aporte 1867-2011 / |
| Mención de responsabilidad |
editor Luis Alfonso Escolano Giménez. |
| 260 ## - PUBLICACIÓN, DISTRIBUCIÓN, ETC. (PIE DE IMPRENTA) |
| Lugar de publicación, distribución, etc |
Santo Domingo : |
| Nombre del editor, distribuidor, etc. |
Archivo General de la Nación, |
| Fecha de publicación, distribución, etc |
2011. |
| 300 ## - DESCRIPCIÓN FÍSICA |
| Extensión |
219 p. ; |
| Dimensiones |
23 cm. |
| 490 0# - MENCIÓN DE SERIES |
| Mención de serie |
Archivo General de la Nación, |
| Volume/sequential designation |
136 |
| 504 ## - NOTA DE BIBLIOGRAFÍA, ETC. |
| Bibliography, etc |
Incluye referencias bibliográficas y notas al pie de las páginas |
| 590 ## - NOTA LOCAL |
| Texto de la nota local |
Inventariado, 2019/BT |
| 650 ## - ENCABEZAMIENTO DE MATERIA--TEMÁTICO |
| Término temático o nombre geográfico como elemento de entrada |
|
| 651 #4 - ENCABEZAMIENTO DE MATERIA--NOMBRE GEOGRÁFICO |
| Nombre geográfico |
República Dominicana |
| Subdivisión temática general |
Historia |
| Subdivisión de forma |
Bibliografías |
| 700 1# - ASIENTO SECUNDARIO -- NOMBRE PERSONAL |
| Nombre personal |
Escolano Giménez, Luis Alfonso, |
| Mención de responsabilidad |
editor |
| 710 2# - ASIENTO SECUNDARIO -- NOMBRE CORPORATIVO |
| Nombre corporativo o de jurisdicción |
Archivo General de la Nación (República Dominicana) |
| 810 z# - SERIES ADDED ENTRY--CORPORATE NAME |
| Corporate name or jurisdiction name as entry element |
República Dominicana. |
| Subordinate unit |
Archivo General de la Nación |
| 810 z# - SERIES ADDED ENTRY--CORPORATE NAME |
| Corporate name or jurisdiction name as entry element |
AGN |
| 830 ## - ASIENTO SECUNDARIO DE SERIE--TÍTULO UNIFORME |
| Título uniforme |
Archivo General de la Nación |
| 910 ## - VALIDACIÓN |
| Validación |
VMateo V. |
| 942 ## - ADDED ENTRY ELEMENTS (KOHA) |
| Source of classification or shelving scheme |
Dewey Decimal Classification |
| Koha item type |
Libros |